000 00469nam a2200181Ia 4500
005 20250423095457.0
008 250422s9999 xx 000 0 und d
020 _a9780205755851
050 _aPE 1449 .R896/
100 _aRubin, Dorothy.
245 0 _aGaining word power
250 _a8th ed.
260 _aNew York
260 _bPearson/Longman
300 _a356 p
650 _aVocabulary_Problems, exercises, etc. English language_Vocabulary
942 _cBK
999 _c30395
_d30395